MARC

Tag First Indicator Second Indicator Subfields
LEADER 00000cam a22000004a 4500
001 in00002004161
005 20151031123428.0
008 040202s2004 nyua b 100 0 eng
010 |a  2004044371 
020 |a 140393486X (cloth) 
035 |a (OCoLC)ocm54372160 
040 |a DLC  |c DLC  |d TXA  |d UtOrBLW 
042 |a pcc 
043 |a e------ 
049 |a TXAM 
050 0 0 |a HC240  |b .I6447 2004 
082 0 0 |a 337.1/42  |2 22 
110 2 |a International Economic Association.  |b World Congress  |n (13th :  |d 2002 :  |c Lisbon, Portugal) 
245 1 4 |a The past, present and future of the European Union /  |c edited by Alan V. Deardorff. 
264 1 |a New York :  |b Palgrave Macmillan, in association with International Economic Association,  |c 2004. 
300 |a xiii, 225 pages :  |b illustrations ;  |c 23 cm. 
336 |a text  |b txt  |2 rdacontent 
337 |a unmediated  |b n  |2 rdamedia 
338 |a volume  |b nc  |2 rdacarrier 
500 |a Papers presented at the 13th World Congress of the International Economic Association held in Lisbon, in September 2002. 
504 |a Includes bibliographical references. 
651 0 |a European Union countries  |x Economic policy. 
650 0 |a Monetary policy  |z European Union countries. 
651 0 |a European Union countries  |x Economic integration. 
700 1 |a Deardorff, Alan V. 
710 2 |a International Economic Association. 
948 |a cataloged  |b h  |c 2004/10/15  |d c  |e dmitchel  |f 12:20:10 pm 
994 |a E0  |b TXA 
999 |a MARS 
999 f f |s 63cc6aaf-c1fb-3aa7-89db-dcd5d6c57c16  |i e78d9e1c-33b4-3699-aec7-d07f38beaf82  |t 0 
952 f f |p ric  |a Texas A&M University  |b Rellis Campus  |c Joint Library Facility  |d Remote Storage  |t 0  |e HC240 .I6447 2004  |h Library of Congress classification  |i unmediated -- volume  |m A14831344654 
998 f f |a HC240 .I6447 2004  |t 0  |l Remote Storage